000 00527nam a22001937a 4500
003 CEME
005 20210628203130.0
008 210120b xxu||||| |||| 00| 0 eng d
020 _a81-317-0600-1
040 _c.
082 _a620.11 VAN
100 _aVlack , Lawrence H.Van
_961643
245 _aElements of material science and engineering
250 _a6TH
260 _aINDIA
_bPEARSON EDUCATION ASIA
_c2008
300 _aXXI,598P
650 _aELEMENTS OF MATERIAL SCIENCE AND ENGINEERING
_963499
942 _cBK
_2ddc
999 _c572303
_d572303